[Event "Canadian Open ch 2007"]
[Site "Ottawa CAN"]
[Date "2007.07.13"]
[Round "8"]
[White "Derraugh, Geordie"]
[Black "Gardner, Robert"]
[Result "1-0"]
[WhiteElo "1960"]
[BlackElo "2242"]
[PlyCount "117"]
[EventDate "2007.07.07"]
[EventType "swiss"]
[EventRounds "9"]
[EventCountry "CAN"]
[Source "lmi"]
[SourceDate "2007.07.07"]

1. e4 g6 2. d4 Bg7 3. Nf3 d6 4. Nc3 a6 5. Be2 b5 6. a3 Bb7 7. O-O Nd7 8. h3 c5
9. Be3 cxd4 10. Bxd4 Ngf6 11. e5 dxe5 12. Nxe5 Nxe5 13. Bxe5 O-O 14. Qxd8 Rfxd8
15. Rad1 Ne8 16. Bxg7 Kxg7 17. Rxd8 Rxd8 18. Rd1 Nd6 19. a4 bxa4 20. Nxa4 Rc8
21. c3 Bc6 22. Ra1 Bb5 23. Bxb5 axb5 24. Nb6 Rc5 25. Ra7 Re5 26. Kf1 b4 27. Rc7
Ne4 28. Nc4 bxc3 29. bxc3 Re6 30. Ne3 f5 31. g4 f4 32. Nd5 Nd2+ 33. Kg2 f3+ 34.
Kg3 Kf7 35. Rd7 g5 36. Ne3 Rd6 37. Rxd6 exd6 38. Nf5 Ke6 39. Nd4+ Kd5 40. Nxf3
Ne4+ 41. Kg2 Kc4 42. h4 h6 43. hxg5 hxg5 44. Kf1 d5 45. Ke2 Kxc3 46. Ke3 Nf6
47. Nxg5 d4+ 48. Kf4 d3 49. Nf3 d2 50. Nxd2 Kxd2 51. g5 Nh5+ 52. Ke4 Ke2 53. f4
Ng3+ 54. Ke5 Kf3 55. g6 Nh5 56. f5 Kg4 57. f6 Kg5 58. f7 Nf4 59. g7 1-0

[Event "Canadian Open ch 2007"]
[Site "Ottawa CAN"]
[Date "2007.07.13"]
[Round "8"]
[White "Hayder, Ali"]
[Black "Gordon, David"]
[Result "0-1"]
[WhiteElo "2057"]
[BlackElo "2239"]
[PlyCount "106"]
[EventDate "2007.07.07"]
[EventType "swiss"]
[EventRounds "9"]
[EventCountry "CAN"]
[Source "lmi"]
[SourceDate "2007.07.07"]

1. d4 f5 2. Nf3 Nf6 3. e3 b6 4. b3 e6 5. Bd3 Ba6 6. O-O Bxd3 7. cxd3 Be7 8. Bb2
O-O 9. Nbd2 c5 10. dxc5 bxc5 11. d4 Nc6 12. dxc5 Bxc5 13. Rc1 Qe7 14. Nc4 Rac8
15. Nce5 Nb4 16. Nd3 Nxd3 17. Qxd3 d5 18. Rc2 Bd6 19. Rfc1 Rxc2 20. Rxc2 f4 21.
Ne5 fxe3 22. Qxe3 Ne4 23. f3 Bc5 24. Bd4 Bxd4 25. Qxd4 Qf6 26. Nc6 a6 27. h3
Nd6 28. Qe5 Nb5 29. Re2 Qxe5 30. Rxe5 Kf7 31. a4 Nd6 32. Nd4 Re8 33. g4 h6 34.
f4 Ne4 35. f5 exf5 36. Rxf5+ Nf6 37. b4 Re1+ 38. Rf1 Re4 39. Rd1 Re3 40. Kg2
Ra3 41. a5 Ra4 42. Nc6 Ra2+ 43. Kg1 Rb2 44. Rd4 Ke6 45. Nb8 Ke5 46. Rd1 Ne4 47.
Nxa6 Ra2 48. Nc7 Nd2 49. Kg2 Ne4+ 50. Kg1 Ng5 51. Rxd5+ Kf4 52. Rf5+ Kg3 53.
Rxg5 Ra1# 0-1

[Event "Canadian Open ch 2007"]
[Site "Ottawa CAN"]
[Date "2007.07.13"]
[Round "8"]
[White "Kaminski, Thomas"]
[Black "Mai, Lloyd"]
[Result "0-1"]
[WhiteElo "1982"]
[BlackElo "2230"]
[PlyCount "72"]
[EventDate "2007.07.07"]
[EventType "swiss"]
[EventRounds "9"]
[EventCountry "CAN"]
[Source "lmi"]
[SourceDate "2007.07.07"]

1. d4 Nf6 2. Nf3 g6 3. c4 Bg7 4. g3 O-O 5. Bg2 d6 6. O-O Nbd7 7. Nc3 e5 8. e4
exd4 9. Nxd4 a6 10. Re1 Rb8 11. a4 Re8 12. h3 a5 13. Be3 Nc5 14. Qc2 Nfd7 15.
f4 f5 16. exf5 Rxe3 17. Rxe3 Bxd4 18. Rae1 Nf8 19. fxg6 hxg6 20. Kh2 Bxe3 21.
Rxe3 Be6 22. Bd5 Qf6 23. Bxe6+ Nfxe6 24. Nd5 Qf7 25. Qc3 Rf8 26. Qxa5 c6 27.
Nc3 Nd4 28. b4 Nf5 29. Rf3 Nb3 30. Qb6 Qxc4 31. Na2 Nbd4 32. Rf2 Qb3 33. Rg2
Nf3+ 34. Kh1 Qb1+ 35. Rg1 Nxg1 36. Qxg1 Nxg3+ 0-1

[Event "Canadian Open ch 2007"]
[Site "Ottawa CAN"]
[Date "2007.07.13"]
[Round "8"]
[White "Bick, John"]
[Black "Danilov, Alex"]
[Result "1-0"]
[WhiteElo "2217"]
[BlackElo "1922"]
[PlyCount "49"]
[EventDate "2007.07.07"]
[EventType "swiss"]
[EventRounds "9"]
[EventCountry "CAN"]
[Source "lmi"]
[SourceDate "2007.07.07"]

1. d4 Nf6 2. c4 e6 3. Nc3 Bb4 4. e3 c5 5. Nge2 cxd4 6. exd4 d5 7. a3 Be7 8. Nf4
dxc4 9. Bxc4 O-O 10. O-O Nc6 11. Be3 e5 12. Nfe2 Ng4 13. d5 Nxe3 14. fxe3 Nb8
15. Ne4 Bg4 16. d6 Bg5 17. Nxg5 Qxg5 18. Qd5 Qxe3+ 19. Kh1 Nd7 20. Rxf7 Kh8 21.
Ng3 Nb6 22. Raf1 Rg8 23. Qxb7 Qc5 24. Rxg7 Rxg7 25. Qxa8+ 1-0

[Event "Canadian Open ch 2007"]
[Site "Ottawa CAN"]
[Date "2007.07.13"]
[Round "8"]
[White "Taylor, Peter"]
[Black "Fan, Brendan"]
[Result "1-0"]
[WhiteElo "2209"]
[BlackElo "1914"]
[PlyCount "79"]
[EventDate "2007.07.07"]
[EventType "swiss"]
[EventRounds "9"]
[EventCountry "CAN"]
[Source "lmi"]
[SourceDate "2007.07.07"]

1. Nf3 Nf6 2. c4 e6 3. Nc3 Be7 4. e4 d5 5. cxd5 exd5 6. e5 Nfd7 7. d4 Nb6 8.
Bd3 Be6 9. O-O N8d7 10. a4 a6 11. a5 Nc8 12. Ne2 c5 13. Nf4 Na7 14. Nxe6 fxe6
15. Ng5 Nf8 16. dxc5 Bxg5 17. Qh5+ g6 18. Qxg5 Qxg5 19. Bxg5 Nd7 20. Be3 Nxe5
21. Be2 Nac6 22. f4 Nd7 23. Bg4 Kf7 24. b4 Rhd8 25. Bd2 Nf6 26. Be2 Ne4 27. Be1
Rd7 28. Bd3 Nf6 29. h3 h5 30. Rb1 d4 31. Bd2 Nd5 32. Rfe1 Re8 33. Bc4 e5 34.
fxe5 Nxe5 35. Bb3 Nd3 36. Rxe8 Kxe8 37. Ba4 Nc3 38. Bxd7+ Kxd7 39. Bxc3 dxc3
40. Rd1 1-0

[Event "Canadian Open ch 2007"]
[Site "Ottawa CAN"]
[Date "2007.07.13"]
[Round "8"]
[White "Barron, Michael"]
[Black "Peev, Pavel"]
[Result "1-0"]
[WhiteElo "2305"]
[BlackElo "2016"]
[PlyCount "159"]
[EventDate "2007.07.07"]
[EventType "swiss"]
[EventRounds "9"]
[EventCountry "CAN"]
[Source "lmi"]
[SourceDate "2007.07.07"]

1. e4 c5 2. Nf3 d6 3. d4 cxd4 4. Nxd4 Nf6 5. Nc3 g6 6. Be2 Bg7 7. O-O O-O 8.
Kh1 Nc6 9. Nb3 Be6 10. Bg5 Na5 11. Nd4 Bc4 12. Re1 Bxe2 13. Qxe2 Rc8 14. Rad1
Nc4 15. Bc1 Qa5 16. f4 Rfd8 17. e5 dxe5 18. Nb3 Qb6 19. fxe5 Nd7 20. Nd5 Qe6
21. Bg5 Bf8 22. Nxe7+ Bxe7 23. Nd4 Qxe5 24. Bxe7 Qxe2 25. Rxe2 Re8 26. b3 Nce5
27. Bd6 Ng4 28. Rde1 Ndf6 29. Bg3 Rxe2 30. Rxe2 Rd8 31. Nf3 Rd1+ 32. Re1 Rd7
33. h3 Nh6 34. Be5 Nd5 35. Bd4 Re7 36. Rxe7 Nxe7 37. Bxa7 Nc6 38. Bc5 Nf5 39.
Kh2 h5 40. g4 hxg4 41. hxg4 Ng7 42. Nd4 Nxd4 43. Bxd4 Ne6 44. Bf6 Kf8 45. Kg3
Ke8 46. Kf3 Kd7 47. Ke4 Kc6 48. Ke5 Nf8 49. Be7 Nd7+ 50. Ke4 f5+ 51. gxf5 gxf5+
52. Kxf5 b5 53. Ke4 Nb6 54. Kd4 Nd5 55. Bf8 Nc7 56. Bb4 Ne6+ 57. Ke5 Nd8 58.
Be7 Nb7 59. Kd4 Kd7 60. Bb4 Kc6 61. c4 Nd8 62. Be7 Ne6+ 63. Kc3 Nc7 64. Kb4
bxc4 65. Kxc4 Nd5 66. Bg5 Nb6+ 67. Kb4 Nd5+ 68. Ka5 Nc7 69. Bf6 Ne6 70. Be5 Nc5
71. Bd4 Nd7 72. Ka6 Nb8+ 73. Ka7 Nd7 74. a4 Kd5 75. Bf2 Ne5 76. Kb6 Nd7+ 77.
Kb7 Ne5 78. a5 Nc6 79. a6 Na5+ 80. Kc7 1-0

[Event "Canadian Open ch 2007"]
[Site "Ottawa CAN"]
[Date "2007.07.14"]
[Round "9"]
[White "Chanda, Sandipan"]
[Black "Tiviakov, Sergey"]
[Result "1-0"]
[WhiteElo "2563"]
[BlackElo "2648"]
[PlyCount "59"]
[EventDate "2007.07.07"]
[EventType "swiss"]
[EventRounds "9"]
[EventCountry "CAN"]
[Source "lmi"]
[SourceDate "2007.07.07"]

1. d4 Nf6 2. c4 e6 3. Nf3 b6 4. g3 Bb7 5. Bg2 Be7 6. O-O O-O 7. d5 exd5 8. Nh4
c6 9. cxd5 Nxd5 10. Nf5 Nc7 11. e4 d5 12. Nc3 Bf6 13. exd5 cxd5 14. Bf4 Nba6
15. Re1 Qd7 16. Bh3 Ne6 17. Ne4 Bxb2 18. Rb1 Bc8 19. Ng5 Bf6 20. Qh5 Bxg5 21.
Bxg5 Re8 22. Bf6 gxf6 23. Qh6 Nac5 24. Rbd1 Qb7 25. Rd4 Ne4 26. Rexe4 dxe4 27.
Qxf6 Qc7 28. Nh6+ Kf8 29. Qh8+ Ke7 30. Nf5# 1-0

[Event "Canadian Open ch 2007"]
[Site "Ottawa CAN"]
[Date "2007.07.14"]
[Round "9"]
[White "Howell, David"]
[Black "Aveskulov, Valeriy"]
[Result "1/2-1/2"]
[WhiteElo "2519"]
[BlackElo "2539"]
[PlyCount "108"]
[EventDate "2007.07.07"]
[EventType "swiss"]
[EventRounds "9"]
[EventCountry "CAN"]
[Source "lmi"]
[SourceDate "2007.07.07"]

1. e4 c5 2. Nf3 d6 3. c3 Nf6 4. Bd3 Nc6 5. O-O Bg4 6. h3 Bxf3 7. Qxf3 g6 8. a3
Nd7 9. Qe2 Bg7 10. f4 O-O 11. Bc2 Qc7 12. Kh1 Rab8 13. d3 b5 14. Nd2 b4 15.
axb4 cxb4 16. Nb1 Rfc8 17. Be3 bxc3 18. bxc3 Rb2 19. Qd1 Na5 20. Bc1 Rb7 21. d4
Rcb8 22. Be3 Nc4 23. Bg1 d5 24. e5 e6 25. g4 Nf8 26. f5 exf5 27. gxf5 Rb2 28.
Na3 R8b7 29. Nxc4 Qxc4 30. Rf3 Ra2 31. Bd3 Rxa1 32. Qxa1 Qc6 33. Qf1 a5 34. c4
gxf5 35. c5 a4 36. Bxf5 Ra7 37. Ra3 f6 38. exf6 Qxf6 39. Qf3 Qf7 40. Bg4 Ne6
41. Qxd5 Nxd4 42. Qe4 Re7 43. Qg2 h5 44. Bd1 Re1 45. Rxa4 Rxd1 46. Rxd4 Rc1 47.
Rd8+ Kh7 48. c6 Qg6 49. Qxg6+ Kxg6 50. Rd6+ Kf5 51. Kg2 Rc2+ 52. Kf3 Rc3+ 53.
Ke2 Be5 54. Rh6 Rxh3 1/2-1/2

[Event "Canadian Open ch 2007"]
[Site "Ottawa CAN"]
[Date "2007.07.14"]
[Round "9"]
[White "O Donnell, Tom"]
[Black "Short, Nigel"]
[Result "0-1"]
[WhiteElo "2427"]
[BlackElo "2683"]
[PlyCount "70"]
[EventDate "2007.07.07"]
[EventType "swiss"]
[EventRounds "9"]
[EventCountry "CAN"]
[Source "lmi"]
[SourceDate "2007.07.07"]

1. d4 Nf6 2. c4 e6 3. Nc3 Bb4 4. Qc2 b6 5. a3 Bxc3+ 6. Qxc3 Bb7 7. Nf3 d6 8. g3
c5 9. dxc5 bxc5 10. Bg2 a5 11. O-O a4 12. Rd1 Ra6 13. b4 axb3 14. Qxb3 Bc6 15.
a4 Qc7 16. Bd2 O-O 17. Be1 Nbd7 18. a5 Rfa8 19. Ra3 h6 20. h3 R8a7 21. g4 Nf8
22. Qe3 e5 23. g5 hxg5 24. Nxg5 Bxg2 25. Kxg2 Ng6 26. Rb3 Ra8 27. Rdb1 R6a7 28.
f3 Nf4+ 29. Kh2 Re8 30. Rb6 Qd7 31. Rb8 Ra8 32. Rxa8 Rxa8 33. h4 Nh7 34. Qg1 f6
35. e3 Nxg5 0-1

[Event "Canadian Open ch 2007"]
[Site "Ottawa CAN"]
[Date "2007.07.14"]
[Round "9"]
[White "de la Paz, Frank"]
[Black "Mikhalevski, Victor"]
[Result "1-0"]
[WhiteElo "2452"]
[BlackElo "2601"]
[PlyCount "141"]
[EventDate "2007.07.07"]
[EventType "swiss"]
[EventRounds "9"]
[EventCountry "CAN"]
[Source "lmi"]
[SourceDate "2007.07.07"]

1. e4 e5 2. Nf3 Nc6 3. Bb5 a6 4. Ba4 Nf6 5. d3 d6 6. c3 g6 7. Bg5 h6 8. Bh4 Bg7
9. Nbd2 O-O 10. Nf1 Ne7 11. h3 Nh5 12. Ne3 c6 13. Bb3 Qc7 14. d4 a5 15. a4 Kh7
16. Qd2 Nf4 17. O-O-O Ng8 18. dxe5 dxe5 19. Bd8 Qb8 20. Bb6 Nf6 21. g3 Nxe4 22.
Qc2 Nd5 23. Bxd5 cxd5 24. Nxd5 f5 25. Bc7 Qa7 26. Nb6 Be6 27. Nxa8 Qc5 28. Rd8
Rxd8 29. Bxd8 Qc6 30. Rd1 Nc5 31. Nd2 e4 32. Bb6 Nd3+ 33. Kb1 Ba2+ 34. Kxa2
Nb4+ 35. Kb1 Nxc2 36. Kxc2 Qxa4+ 37. Nb3 Bxc3 38. Ra1 Qc4 39. bxc3 a4 40. Nd2
Qa6 41. Bd4 Qxa8 42. Rb1 a3 43. Ra1 Qa4+ 44. Nb3 e3 45. fxe3 b6 46. Rd1 Qc6 47.
Nd2 Qa4+ 48. Nb3 Qc6 49. Nd2 g5 50. Ra1 Qa4+ 51. Kc1 Kg6 52. Ra2 Qa6 53. Kc2
Qa4+ 54. Kd3 Kh5 55. Ke2 g4 56. h4 Qa8 57. c4 Qa6 58. Kf2 Qa5 59. Nb1 Qa8 60.
Nd2 Qh1 61. Nf1 f4 62. gxf4 Kxh4 63. Rxa3 g3+ 64. Nxg3 Qh2+ 65. Kf3 Qxg3+ 66.
Ke2 h5 67. Ra7 Qg2+ 68. Kd3 Qf1+ 69. Kc3 Qc1+ 70. Kd3 Kg4 71. Ra1 1-0

[Event "Canadian Open ch 2007"]
[Site "Ottawa CAN"]
[Date "2007.07.14"]
[Round "9"]
[White "Gerzhoy, Leonid"]
[Black "Shomoev, Anton"]
[Result "1-0"]
[WhiteElo "2409"]
[BlackElo "2561"]
[PlyCount "113"]
[EventDate "2007.07.07"]
[EventType "swiss"]
[EventRounds "9"]
[EventCountry "CAN"]
[Source "lmi"]
[SourceDate "2007.07.07"]

1. d4 Nf6 2. c4 g6 3. Nc3 d5 4. Nf3 Bg7 5. cxd5 Nxd5 6. e4 Nxc3 7. bxc3 c5 8.
Bb5+ Nc6 9. O-O cxd4 10. cxd4 O-O 11. Be3 Bg4 12. Bxc6 bxc6 13. Rc1 Qa5 14. Qd2
Qxd2 15. Nxd2 Rfd8 16. Nb3 Be6 17. Nc5 Bxa2 18. Rc2 Be6 19. Nxe6 fxe6 20. e5 a5
21. Rxc6 a4 22. Ra1 a3 23. g3 Ra4 24. Ra2 Kf7 25. Kg2 Rb8 26. Rc3 Rba8 27. f4
h6 28. Kf3 g5 29. h3 gxf4 30. gxf4 h5 31. Ke4 Bh6 32. Bc1 Rd8 33. Rd3 Rg8 34.
Raxa3 Rxa3 35. Rxa3 Rg1 36. Bd2 Rg2 37. Rd3 Re2+ 38. Kf3 Rh2 39. Kg3 Rh1 40.
Kh4 Rd1 41. Kxh5 Bxf4 42. Rf3 Rxd2 43. Rxf4+ Kg7 44. h4 Rd1 45. Rg4+ Kh7 46.
Rg6 Rxd4 47. Rxe6 Rd7 48. Kg5 Kg7 49. Rg6+ Kf8 50. Kh6 Rd4 51. h5 Re4 52. Rg5
Kf7 53. Kh7 Ra4 54. h6 Ra8 55. Rg6 Rh8+ 56. Kxh8 Kxg6 57. Kg8 1-0

[Event "Canadian Open ch 2007"]
[Site "Ottawa CAN"]
[Date "2007.07.14"]
[Round "9"]
[White "Rensch, Daniel"]
[Black "Rychagov, Andrey"]
[Result "1/2-1/2"]
[WhiteElo "2400"]
[BlackElo "2557"]
[PlyCount "58"]
[EventDate "2007.07.07"]
[EventType "swiss"]
[EventRounds "9"]
[EventCountry "CAN"]
[Source "lmi"]
[SourceDate "2007.07.07"]

1. e4 c5 2. Nf3 e6 3. d4 cxd4 4. Nxd4 a6 5. Bd3 Bc5 6. Nb3 Be7 7. Qg4 g6 8. Qe2
d6 9. O-O Nd7 10. Bd2 Qc7 11. Nc3 b6 12. Rae1 Bb7 13. f4 h5 14. Nd4 Ngf6 15.
Nf3 b5 16. a3 h4 17. Ng5 Nh7 18. Nh3 Nhf6 19. e5 Nd5 20. Kh1 Nc5 21. exd6 Qxd6
22. Ne4 Nxe4 23. Bxe4 Rc8 24. b3 Qc7 25. Qd3 Nf6 26. Bxb7 Qxb7 27. Bc3 Qd7 28.
Bd4 Rd8 29. c3 Qd5 1/2-1/2

[Event "Canadian Open ch 2007"]
[Site "Ottawa CAN"]
[Date "2007.07.14"]
[Round "9"]
[White "Likavsky, Tomas"]
[Black "Mikanovic, Goran"]
[Result "1-0"]
[WhiteElo "2494"]
[BlackElo "2325"]
[PlyCount "93"]
[EventDate "2007.07.07"]
[EventType "swiss"]
[EventRounds "9"]
[EventCountry "CAN"]
[Source "lmi"]
[SourceDate "2007.07.07"]

1. d4 Nf6 2. c4 e6 3. Nc3 Bb4 4. Qc2 O-O 5. a3 Bxc3+ 6. Qxc3 b6 7. Bg5 Bb7 8.
e3 d6 9. f3 Nbd7 10. Bd3 h6 11. Bh4 c5 12. Ne2 Rc8 13. b4 cxd4 14. exd4 e5 15.
O-O b5 16. c5 exd4 17. Nxd4 dxc5 18. Nf5 c4 19. Bc2 Re8 20. Rad1 Re6 21. Nd6
Rb8 22. Bf5 Re2 23. Bxd7 Qb6+ 24. Bf2 Rxf2 25. Rxf2 Nxd7 26. Nxf7 Qe6 27. Rfd2
Nf6 28. Nxh6+ gxh6 29. Rd6 Nd5 30. R1xd5 Bxd5 31. Rxe6 Bxe6 32. Qf6 Rb6 33.
Qg6+ Kf8 34. Qxh6+ Ke7 35. Qg7+ Bf7 36. Qe5+ Kd7 37. Qg7 Ke6 38. h4 Rc6 39. Qc3
a6 40. Kf2 Rd6 41. Qe3+ Kd7 42. Qf4 Be6 43. h5 c3 44. h6 c2 45. h7 Rd1 46. h8=Q
c1=Q 47. Qg7+ 1-0

[Event "Canadian Open ch 2007"]
[Site "Ottawa CAN"]
[Date "2007.07.14"]
[Round "9"]
[White "Thavandiran, Shiyam"]
[Black "Sambuev, Bator"]
[Result "0-1"]
[WhiteElo "2337"]
[BlackElo "2482"]
[PlyCount "72"]
[EventDate "2007.07.07"]
[EventType "swiss"]
[EventRounds "9"]
[EventCountry "CAN"]
[Source "lmi"]
[SourceDate "2007.07.07"]

1. e4 e6 2. d4 d5 3. Nc3 Bb4 4. exd5 exd5 5. Bd3 Nc6 6. a3 Bxc3+ 7. bxc3 Nge7
8. Qf3 Be6 9. Ne2 Qd7 10. Ng3 O-O-O 11. h3 f6 12. O-O h5 13. Nxh5 Nf5 14. Nf4
Nh4 15. Qg3 Bf5 16. Bxf5 Nxf5 17. Qd3 g5 18. Ne2 Rdg8 19. f3 Na5 20. Bd2 Nc4
21. Rf2 Nh4 22. Kf1 a5 23. Ng1 Nf5 24. g4 Nfd6 25. Kg2 f5 26. Re2 f4 27. Be1
Nb2 28. Qd2 Ndc4 29. Qc1 Re8 30. Rf2 Ne3+ 31. Kh1 Nbc4 32. Bd2 Rh4 33. Be1 Rh6
34. Rh2 Nf1 35. Rf2 Ng3+ 36. Kh2 Reh8 0-1

[Event "Canadian Open ch 2007"]
[Site "Ottawa CAN"]
[Date "2007.07.14"]
[Round "9"]
[White "Mai, Lloyd"]
[Black "Ivkov, Borislav"]
[Result "1/2-1/2"]
[WhiteElo "2230"]
[BlackElo "2414"]
[PlyCount "209"]
[EventDate "2007.07.07"]
[EventType "swiss"]
[EventRounds "9"]
[EventCountry "CAN"]
[Source "lmi"]
[SourceDate "2007.07.07"]

1. e4 c5 2. Nf3 Nc6 3. d4 cxd4 4. Nxd4 g6 5. Be3 Bg7 6. Nc3 Nf6 7. Be2 O-O 8.
O-O d5 9. Nxc6 bxc6 10. e5 Nd7 11. f4 e6 12. Na4 Qa5 13. c3 Ba6 14. Bxa6 Qxa6
15. Nc5 Nxc5 16. Bxc5 Rfb8 17. b4 Bf8 18. Bxf8 Kxf8 19. Qg4 Qb6+ 20. Kh1 a5 21.
Qh4 Kg8 22. Rae1 axb4 23. f5 Qd8 24. Qg4 exf5 25. Rxf5 Qd7 26. e6 fxe6 27. Rf6
Rf8 28. Rxf8+ Rxf8 29. cxb4 Qd6 30. h3 e5 31. a4 d4 32. b5 cxb5 33. axb5 d3 34.
Qc4+ Kg7 35. b6 Rf4 36. Qc7+ Qxc7 37. bxc7 d2 38. Rd1 Rc4 39. Rxd2 Rxc7 40. Rd6
h5 41. Kh2 h4 42. Kg1 Rf7 43. g3 Rf3 44. gxh4 Rxh3 45. Re6 Re3 46. Kf2 Re4 47.
Kg3 Kf7 48. Rb6 Rf4 49. Ra6 Rf6 50. Ra5 Rf5 51. Ra7+ Kf6 52. Ra6+ Kg7 53. Kg4
Rf6 54. Ra7+ Rf7 55. Ra3 Rf4+ 56. Kg5 Rf5+ 57. Kg4 Kh6 58. Re3 Kg7 59. Rb3 Rf1
60. Rb7+ Rf7 61. Rb3 Kh6 62. Rb4 Re7 63. Re4 Re8 64. Kg3 Kh5 65. Kh3 Kh6 66.
Kg4 Re7 67. Kg3 Kg7 68. Kg4 Kf6 69. Re3 Re6 70. Re1 Rd6 71. Rf1+ Kg7 72. Re1
Kf6 73. Rf1+ Ke7 74. h5 gxh5+ 75. Kxh5 Rd4 76. Kg5 Ke6 77. Ra1 Kd5 78. Re1 Rd3
79. Kg4 e4 80. Ra1 Kd4 81. Re1 Rd2 82. Kg3 Kd3 83. Ra1 Ke3 84. Ra3+ Rd3 85. Ra2
Rd2 86. Ra3+ Rd3 87. Ra2 Rd8 88. Ra3+ Rd3 89. Ra2 Rc3 90. Ra8 Ke2+ 91. Kg2 Rc2
92. Re8 e3 93. Ra8 Kd3+ 94. Kg3 Rc7 95. Ra3+ Kd2 96. Ra2+ Rc2 97. Ra1 Ke2 98.
Ra8 Rb2 99. Ra3 Rc2 100. Ra8 Kd2 101. Ra1 e2 102. Kf2 Rb2 103. Re1 Kd3 104. Ra1
Rb3 105. Ra2 1/2-1/2

[Event "Canadian Open ch 2007"]
[Site "Ottawa CAN"]
[Date "2007.07.14"]
[Round "9"]
[White "Reprintsev, Alexander"]
[Black "Taylor, Peter"]
[Result "1-0"]
[WhiteElo "2410"]
[BlackElo "2209"]
[PlyCount "53"]
[EventDate "2007.07.07"]
[EventType "swiss"]
[EventRounds "9"]
[EventCountry "CAN"]
[Source "lmi"]
[SourceDate "2007.07.07"]

1. e4 c6 2. b3 d5 3. Bb2 dxe4 4. Nc3 Nf6 5. Nge2 Bf5 6. Ng3 e6 7. Qe2 Bb4 8.
O-O-O Qa5 9. Kb1 Nbd7 10. Ncxe4 Bxe4 11. Nxe4 O-O-O 12. f3 Kb8 13. Qf2 Ka8 14.
g3 Ba3 15. Ba1 Be7 16. Bg2 Nxe4 17. fxe4 Bf6 18. d4 e5 19. d5 c5 20. h4 Nb6 21.
g4 h6 22. Qg3 Nc8 23. g5 hxg5 24. hxg5 Rxh1 25. Bxh1 Be7 26. Bxe5 Bd6 27. Qc3
1-0

[Event "Canadian Open ch 2007"]
[Site "Ottawa CAN"]
[Date "2007.07.14"]
[Round "9"]
[White "Kagramanov, Dina"]
[Black "Michielsen, Joost"]
[Result "0-1"]
[WhiteElo "2185"]
[BlackElo "2314"]
[PlyCount "88"]
[EventDate "2007.07.07"]
[EventType "swiss"]
[EventRounds "9"]
[EventCountry "CAN"]
[Source "lmi"]
[SourceDate "2007.07.07"]

1. e4 e6 2. d4 d5 3. Bd3 dxe4 4. Bxe4 Nf6 5. Bf3 c5 6. Ne2 Nbd7 7. Nbc3 Be7 8.
Be3 O-O 9. O-O a6 10. a4 Qc7 11. a5 cxd4 12. Nxd4 Ne5 13. Nb3 Bd7 14. Bb6 Qc8
15. Be2 Nc4 16. Bxc4 Qxc4 17. Qd4 Rac8 18. Rad1 Qxd4 19. Rxd4 Bc6 20. Rd3 Nd5
21. Nd4 Nxb6 22. axb6 Be8 23. Nb3 Rc6 24. Re1 Bf6 25. Na5 Rxb6 26. Nc4 Rc6 27.
Na5 Rc7 28. f3 g6 29. Re2 Kg7 30. Red2 b5 31. Ne4 Bxb2 32. Rd6 Bc1 33. Re2 b4
34. Nb3 Bf4 35. Rd4 Bb5 36. Re1 Rxc2 37. g3 Bb8 38. Rxb4 Rd8 39. Kh1 Rb2 40.
Nec5 Ba7 41. Rh4 Bc6 42. Rf4 g5 43. Rc4 Bxf3+ 44. Kg1 Rxb3 0-1

[Event "Canadian Open ch 2007"]
[Site "Ottawa CAN"]
[Date "2007.07.14"]
[Round "9"]
[White "Huber, Greg"]
[Black "Kagramanov, Dalia"]
[Result "1-0"]
[WhiteElo "2284"]
[BlackElo "1774"]
[PlyCount "83"]
[EventDate "2007.07.07"]
[EventType "swiss"]
[EventRounds "9"]
[EventCountry "CAN"]
[Source "lmi"]
[SourceDate "2007.07.07"]

1. e4 c5 2. Nc3 d6 3. g3 Nf6 4. Bg2 Nc6 5. d3 e6 6. f4 a6 7. Nf3 Be7 8. O-O O-O
9. h3 Qc7 10. Ne2 b5 11. g4 Nd7 12. Be3 Bb7 13. Ng3 Rac8 14. Qe2 Nb6 15. g5 f6
16. h4 d5 17. Bh3 Nd8 18. Rae1 dxe4 19. dxe4 Nc4 20. Bc1 Bd6 21. b3 Nb6 22. Nh5
Nd7 23. Qg2 f5 24. exf5 exf5 25. Qd2 g6 26. Qc3 gxh5 27. Bb2 Be5 28. Nxe5 Nxe5
29. Qxe5 Qxe5 30. Rxe5 Be4 31. Rxe4 fxe4 32. Bxc8 a5 33. f5 Re8 34. Re1 e3 35.
Kg2 Re4 36. Kf3 Rxh4 37. Rxe3 Rh3+ 38. Kf4 Rxe3 39. Kxe3 Kf7 40. Bf6 Nc6 41.
Be6+ Kf8 42. g6 1-0

[Event "Canadian Open ch 2007"]
[Site "Ottawa CAN"]
[Date "2007.07.14"]
[Round "9"]
[White "Abou Nassif, Ahmad"]
[Black "Day, Lawrence"]
[Result "0-1"]
[WhiteElo "1700"]
[BlackElo "2280"]
[PlyCount "100"]
[EventDate "2007.07.07"]
[EventType "swiss"]
[EventRounds "9"]
[EventCountry "CAN"]
[Source "lmi"]
[SourceDate "2007.07.07"]

1. Nf3 Nf6 2. b3 g6 3. Bb2 Bg7 4. e3 O-O 5. d4 c5 6. Nbd2 b6 7. Bd3 Bb7 8. O-O
d6 9. c4 Nc6 10. d5 Nb4 11. Bb1 e6 12. a3 Na6 13. dxe6 fxe6 14. Qe2 Nc7 15. Rd1
Qe7 16. e4 e5 17. Nf1 Ne6 18. Ra2 Nf4 19. Qe1 N6h5 20. Ng3 Nf6 21. Bc1 Ne6 22.
Bb2 Rad8 23. Bc3 Bc8 24. Bd3 Nf4 25. b4 Nxd3 26. Rxd3 Be6 27. Nd2 Bh6 28. Rc2
a6 29. Bb2 Rc8 30. Ndf1 Ne8 31. Ne3 Bxe3 32. Qxe3 cxb4 33. Qxb6 Rxc4 34. Rdd2
b3 35. Rc3 Qg5 36. Rd1 Rxc3 37. Bxc3 h5 38. h4 Qe7 39. Qxa6 Qc7 40. Qd3 Qa7 41.
Qd2 Qxa3 42. Qg5 Kf7 43. Ra1 Qc5 44. Qd2 Ke7 45. Ra5 Qb6 46. Ra8 Rf4 47. Qb2
Nc7 48. Rh8 Nb5 49. Bxe5 dxe5 50. Qxe5 Qxf2+ 0-1

[Event "Canadian Open ch 2007"]
[Site "Ottawa CAN"]
[Date "2007.07.14"]
[Round "9"]
[White "Hum, Peter"]
[Black "Tayar, Jonathan"]
[Result "0-1"]
[WhiteElo "2156"]
[BlackElo "2271"]
[PlyCount "98"]
[EventDate "2007.07.07"]
[EventType "swiss"]
[EventRounds "9"]
[EventCountry "CAN"]
[Source "lmi"]
[SourceDate "2007.07.07"]

1. d4 Nf6 2. c4 g6 3. Nc3 Bg7 4. e4 d6 5. f3 O-O 6. Nge2 c5 7. d5 e6 8. Ng3
exd5 9. cxd5 a6 10. a4 Nbd7 11. Be2 h5 12. Bg5 Qa5 13. O-O Re8 14. Qd2 Nh7 15.
Bh6 Bd4+ 16. Be3 h4 17. Nh1 Bg7 18. Nf2 f5 19. exf5 gxf5 20. Kh1 Ne5 21. f4 Nf7
22. Rg1 Qd8 23. Bf3 Bd7 24. g3 hxg3 25. Rxg3 Kh8 26. Bh5 Qf6 27. Rag1 Rg8 28.
Nh3 Nh6 29. Ng5 Raf8 30. Qg2 Ng4 31. Qh3 Bh6 32. Qh4 Nxg5 33. Bxg4 Ne4 34.
Qxf6+ Nxf6 35. Be2 Rxg3 36. hxg3 Re8 37. Bd2 Nxd5 38. Bf3 Nxc3 39. Bxc3+ Bg7
40. Bxg7+ Kxg7 41. Rd1 Re6 42. Bxb7 Bxa4 43. Ra1 Bb5 44. Bxa6 Bc6+ 45. Kg1 Rh6
46. Kf2 Rh2+ 47. Ke3 Rg2 48. Rf1 Rxg3+ 49. Kd2 Kf6 0-1

[Event "Canadian Open ch 2007"]
[Site "Ottawa CAN"]
[Date "2007.07.14"]
[Round "9"]
[White "Plotkin, Victor"]
[Black "Derraugh, Geordie"]
[Result "1-0"]
[WhiteElo "2253"]
[BlackElo "1960"]
[PlyCount "88"]
[EventDate "2007.07.07"]
[EventType "swiss"]
[EventRounds "9"]
[EventCountry "CAN"]
[Source "lmi"]
[SourceDate "2007.07.07"]

1. e4 e5 2. Nf3 Nc6 3. Bc4 Bc5 4. O-O Nf6 5. d3 d6 6. c3 h6 7. Re1 O-O 8. Nbd2
a5 9. Nf1 Ne7 10. d4 exd4 11. cxd4 Bb6 12. Ng3 Ng6 13. Bd3 Bg4 14. Be3 Ne7 15.
h3 Bd7 16. Qd2 Nc6 17. Rad1 Re8 18. Bb1 a4 19. Bxh6 Nh7 20. e5 g6 21. Qf4 dxe5
22. dxe5 Qe7 23. h4 Nd8 24. h5 Ne6 25. Qc4 Nhf8 26. Bxf8 Rxf8 27. hxg6 fxg6 28.
Bxg6 Rxf3 29. gxf3 Qg5 30. Qg4 Qxg4 31. fxg4 Bc6 32. Be4 Rf8 33. Nf5 Bxe4 34.
Rxe4 Ng5 35. Re2 Nh3+ 36. Kf1 Re8 37. Rd7 Nf4 38. Red2 Ne6 39. f3 Ba5 40. Rh2
a3 41. bxa3 b5 42. Rhh7 Bd2 43. Rhe7 Rxe7 44. Nxe7+ Kf8 1-0

[Event "Canadian Open ch 2007"]
[Site "Ottawa CAN"]
[Date "2007.07.14"]
[Round "9"]
[White "Djerkovic, Miladin"]
[Black "Allard, Laurent"]
[Result "1-0"]
[WhiteElo "2248"]
[BlackElo "1435"]
[PlyCount "39"]
[EventDate "2007.07.07"]
[EventType "swiss"]
[EventRounds "9"]
[EventCountry "CAN"]
[Source "lmi"]
[SourceDate "2007.07.07"]

1. e4 c5 2. Nf3 d6 3. c3 Nf6 4. Bd3 Nc6 5. Bc2 e6 6. O-O Be7 7. Re1 Qc7 8. d4
cxd4 9. cxd4 d5 10. e5 Nd7 11. Nc3 Bb4 12. Re3 Nf8 13. a3 Ba5 14. Nb5 Qb8 15.
Nd6+ Ke7 16. Ng5 Nd8 17. Qh5 g6 18. Qh6 Rg8 19. Rf3 f5 20. exf6+ 1-0